000
00298nam a22001337a 4500
008
170714b xxu||||| |||| 00| 0 eng d
020
_a
615269939215
041
_a
eng
080
_a
038
100
_a
24
101
_a
FJA
245
_a
WENSTER'S STANDARD DICTIONARY
_c
WEBSTER, M
942
_2
udc
_c
BK
999
_c
20908
_d
20908